City to Country - Statistics

General Stats
  • This quiz has been taken 19 times
  • The average score is 11 of 20
Answer Stats
Hint Answer % Correct
Fairbanks United States of America
92%
Ulan-Ude Russia
77%
Ponferrada Spain
77%
San Cristobal de las Casas Mexico
69%
Cahors France
62%
Rotorua New Zealand
62%
Banská Bystrica Slovakia
62%
Puerto Montt Chile
54%
Moca Dominican Republic
54%
Harar Ethiopia
54%
Sanandaj Iran
54%
Zamboanga Philippines
54%
Turnhout Belgium
46%
Nampula Mozambique
46%
Gisenyi Rwanda
46%
Latakia Syria
46%
Mardin Turkey
46%
Jajce Bosnia and Herzegovina
38%
Minya Egypt
38%
Karakol Kyrgyzstan
38%
No matching quizzes found
Score Distribution
Percent of People with Each Score
Percentile by Number Answered
Your Score History
You have not taken this quiz